Fr. Conceicao Rodrigues College of Engineering

Left Brain Right Stuff (Record no. 24782)

MARC details
000 -LEADER
fixed length control field 00348nam a2200169Ia 4500
082 ## - DEWEY DECIMAL CLASSIFICATION NUMBER
Classification number 808.83
Item number ROS
100 ## - MAIN ENTRY--PERSONAL NAME
Personal name Rosenzweig/Phil
245 ## - TITLE STATEMENT
Title Left Brain Right Stuff
260 ## - PUBLICATION, DISTRIBUTION, ETC.
Name of publisher, distributor, etc. Profile Books
Date of publication, distribution, etc. 2014
366 ## - TRADE AVAILABILITY INFORMATION
Publishers's discount category 20
300 ## - PHYSICAL DESCRIPTION
Extent 322
546 ## - LANGUAGE NOTE
Language note ENGLISH
-- Computers
650 ## - SUBJECT ADDED ENTRY--TOPICAL TERM
Topical term or geographic name entry element General
654 ## - SUBJECT ADDED ENTRY--FACETED TOPICAL TERMS
Focus term brain
942 ## - ADDED ENTRY ELEMENTS (KOHA)
Koha item type BOOK
Holdings
Withdrawn status Lost status Damaged status Not for loan Collection Home library Current library Date acquired Source of acquisition Cost, normal purchase price Inventory number Total Checkouts Full call number Barcode Date last seen Cost, replacement price Price effective from Koha item type
        CRC Fr. Agnel's C.Rodrigues College of Engineering Fr. Agnel's C.Rodrigues College of Engineering 17/03/2023 Book Service Syndicate 319.20 58 dt 11.06.2014   808.83 ROS 23211 17/03/2023 399.00   BOOK